Facundo Cabral: una historia de la Herencia Junglaresca
保存先:
| 第一著者: | |
|---|---|
| フォーマット: | 図書 |
| 言語: | Undetermined |
| 出版事項: |
San José, Costa Rica
Universidad de Costa Rica, Sistema de Estudios de Posgrado, Facultad de Letras
1994
|
| 主題: | |
| タグ: |
タグ追加
タグなし, このレコードへの初めてのタグを付けませんか!
|
MARC
| LEADER | 00000nam a2200000Ia 4500 | ||
|---|---|---|---|
| 008 | 170316s9999 xx 000 0 und d | ||
| 999 | |c 30834 |d 30834 | ||
| 040 | |a cru BVZT | ||
| 090 | |a TESIS 868 | ||
| 100 | |a Anchía Hernández, Victoria | ||
| 245 | |a Facundo Cabral: una historia de la Herencia Junglaresca | ||
| 260 | |a San José, Costa Rica |b Universidad de Costa Rica, Sistema de Estudios de Posgrado, Facultad de Letras |c 1994 | ||
| 300 | |a 255 páginas | ||
| 500 | |a Presenta tabla de contenidos | ||
| 650 | |a MÁSTER EN LITERATURA | ||
| 650 | 0 | |a LITERATURA LATINOAMERICANA |9 15 | |
| 650 | |a TRABAJO FINAL DE GRADUACIÓN |9 237 | ||
| 650 | 0 | |a ÉTICA |9 104 | |
| 650 | 0 | |a DIDÁCTICA |9 268 | |
| 650 | 0 | |a CRÍTICA | |
| 650 | 0 | |a MÚSICA POPULAR | |
| 942 | |c TFG |h TESIS 868 |2 z | ||
